00337 2200145 4500245004100000020002300041250001100064100001300075005001900088260002600107041001400133084000800147300002700155336000900182 aCute Girl vs PlayboycIntan ZShText a978-6002-220-187-8 aCet. 1 aIntan ZS a20230116134218 aJakartabBukunec2016 aIndonesia a813 avi, 166 hlm. :c19 cm. atext